000 00982nam a22002655i 4500
001 166051
003 ES-MaACL
005 20250805062615.0
008 990727s1895 fr |||| | fre d
040 _aCCPB | B
_bspa
_cCCPB | B
100 1 _aTarde, Gabriel de,
_d1843-1904
_9133127
245 1 0 _aEssais et mélanges sociologiques /
_cpar G. Tarde.
260 _aLyon :
_bA. Storck, Éditeur ;
_aParis :
_bG. Masson, Éditeur,
_c1895.
300 _a[4], 429, [4] p. ;
_c23 cm.
490 1 _aBibliothèque de Criminologie
596 1 _aMarca del ed. en port.
597 1 _aAntep.
650 7 _aSociología
_2embne
_917195
752 _aFrancia -
_dLyon
752 _aFrancia -
_dParís
830 0 _aBibliothèque de Criminologie
_9233475
852 _aES-MaACL
_jD-135
_z-- Enc. hol., conservando la enc. original
_z-- Enc. en un vol. facticio
_zBanderilla en el pie de imp. donde consta: Paris: A. Maloine, 1895
942 _2udc
999 _c166051
_d166051